|
|
|
|
| LEADER |
01481nam a2200301 u 4500 |
| 001 |
10021659 |
| 003 |
upatras |
| 005 |
20210117205554.0 |
| 008 |
990429s1993 gr gre |
| 020 |
|
|
|a 9602080191
|
| 040 |
|
|
|a GR-PaULI
|c GR-PaULI
|
| 041 |
0 |
|
|a gre
|
| 082 |
0 |
4 |
|a 833
|
| 100 |
1 |
|
|9 7310
|a Mann, Thomas,
|d 1875-1955
|
| 245 |
1 |
0 |
|a Ο θάνατος στη Βενετία
|b Τριστάνος - Glaudius Dei - Ο νόμος
|c Thomas Mann; μεταφραστής Άρης Δικταίος
|
| 260 |
|
|
|a Αθήνα
|b Εκδοτικός Οίκος Σ. Ι. Ζαχαρόπουλος & Σια
|c 1993
|
| 300 |
|
|
|a 295 σ.
|c 18 εκ.
|
| 490 |
0 |
|
|a Κλασική λογοτεχνία
|v 7
|
| 650 |
|
4 |
|a Γερμανικό μυθιστόρημα
|9 6360
|
| 700 |
1 |
|
|a Δικταίος, Άρης,
|d 1919-1983
|4 trl
|9 7202
|
| 760 |
0 |
|
|a Κλασική λογοτεχνία
|g 7
|
| 852 |
|
|
|a GR-PaULI
|b ΠΑΤΡΑ
|b ΒΚΠ
|b ΒΣ2
|k ΑΣΧΕ
|h 833 M
|m 042985
|p 025000055019
|t 1
|
| 852 |
|
|
|a GR-PaULI
|b ΠΑΤΡΑ
|b ΒΚΠ
|b ΒΣ2
|k ΑΣΧΕ
|h 833 MAN
|m 060385
|p 025000081258
|t 2
|
| 942 |
|
|
|2 ddc
|c BK15
|
| 952 |
|
|
|0 0
|1 0
|4 0
|6 833_000000000000000_M
|7 0
|9 184367
|a LISP
|b LISP
|c BSC
|d 2016-04-24
|i 042985
|l 0
|o 833 M
|p 025000055019
|r 2016-04-24 00:00:00
|t 1
|w 2016-04-24
|y BK15
|
| 952 |
|
|
|0 0
|1 0
|4 0
|6 833_000000000000000_MAN
|7 0
|9 184368
|a LISP
|b LISP
|c BSC
|d 2016-04-24
|i 060385
|l 3
|m 1
|o 833 MAN
|p 025000081258
|r 2022-12-21 00:00:00
|s 2022-11-21
|t 2
|w 2016-04-24
|y BK15
|
| 998 |
|
|
|c ΗΛΙΟΠΟΥΛΟΥ
|d 1999-04
|
| 999 |
|
|
|c 113654
|d 113654
|